Normal view
MARC view
- Presidentes
Entry Materia
001 - NÚMERO DE CONTROL DEL REGISTRO
- campo de control: 15561
003 - IDENTIFICADOR DE NUMERO DE CONTROL
- campo de control: UPN
005 - FECHA Y HORA DE LA ÚLTIMA TRANSACCIÓN
- campo de control: 20230420124606.0
008 - DATOS DE LONGITUD FIJA
- campo de control de longitud fija: 230420dn fnznnbabd n ana |d
035 ## - NÚMERO DE CONTROL DEL SISTEMA
- Número de control del sistema: UPN10000015569
040 ## - FUENTE DE LA CATALOGACIÓN
- Lengua de catalogación: spa
- Centro catalogador de origen: MX-MxUPN
046 ## - FECHAS CON CODIFICACIÓN ESPECIAL
- Fecha final para contenidos agregados: 2023
150 ## - ENCABEZAMIENTO - TEMÁTICO
- Término de materia o nombre geográfico como elemento inicial: Presidentes
- Subdivisión geográfica: Estados Unidos
670 ## - FUENTE EN LA QUE SE LOCALIZARON DATOS
- Cita de la fuente: LC/P
- Información localizada: Presidents - United States
902 ## - CATALOGADOR
- Catalogador: CAA/190996
